| 000 | 00767nam a2200241 i 4500 | ||
|---|---|---|---|
| 001 | 181949 | ||
| 003 | ES-MaACL | ||
| 005 | 20250904043127.0 | ||
| 008 | 130509s2012 sp | |||||||| | spa d | ||
| 020 | _a978-84-938075-1-1 | ||
| 080 | _a821.134.2-14"19" | ||
| 100 | 1 |
_aDíaz Gil, Javier. _9152754 |
|
| 245 | 1 | 0 |
_aVivo extramuros ; _by El ángel prometido / _cJavier Díaz Gil. |
| 250 | _a2ª ed. | ||
| 260 |
_aMadrid : _bPoeta de Cabra (2), _c2012. |
||
| 300 |
_a59 p. ; _c16 cm. |
||
| 490 | 1 |
_aLibretos Poeta de Cabra ; _vn. 6 |
|
| 740 | 3 | 2 | _aEl ángel prometido. |
| 830 | 0 | 0 |
_aLibretos Poeta de Cabra _vn. 6 _9188096 |
| 852 |
_aES-MaACL _jA-12654 _9188858 _bR.148802 _cDEPO1 _dOlim: N-5655 |
||
| 942 |
_2udc _cMONOGRAFIA |
||
| 999 |
_c181949 _d181949 |
||